Closest Genetic Populations to the Croats - Statistics

General Stats
  • This quiz has been taken 12 times
  • The average score is 9 of 12
Answer Stats
Genetic Distance Ethnicity % Correct
1.048 Serb
100%
0.904 Bosniak
92%
2.105 Montenegrin
92%
2.561 Czech
83%
1.340 Hungarian
83%
2.834 German
75%
2.983 Macedonian
75%
2.482 Austrian
67%
2.531 Slovakian
67%
2.770 Romanian
58%
2.257 Ukrainian
58%
3.189 French
42%
No matching quizzes found
Score Distribution
Percent of People with Each Score
Percentile by Number Answered
Your Score History
You have not taken this quiz